00608nam a2200193 a 4500001001300000003000900013005001700022008004100039020001000080082001300090100002600103245004000129260005900169300000800228500003500236505007900271650003800350700002600388nice12345678IN_TiNIC20260116011315.0050524s1965 bana grp 000 0 eng  ac10000a239bFAK aFakirbhai, Dhanjibhai aKhristopanishadb Christ-Upanishad. aBangalorebChristian Instt.For Study of Religionc1965 a43p aincludes index and biblioraphy2 aunited nations conference on trade and development.Feb 1 to march 25 1968. aJesus Christ-Hindu Interpretation1 aFakirbhai, Dhanjibhai